000 00241nam a2200097Ia 4500
001 1251722
005 20251031150921.0
008 251031s9999 xx 000 0 und d
245 0 _cBRUNO ENNA
_aŞ-2 DİSNEY DRAKULA
260 _bBETA YAYINLARI
999 _c1251722
_d1251722